De cómo tía lola terminó empezando otra vez / (Registro nro. 7671)

Detalles MARC
000 -LIDER
fixed length control field 00825nam a2200265 a 4500
001 - NÚMERO DE CONTROL
Identificador de número de control 000044149
003 - IDENTIFICACDOR DE NÚMERO DE CONTROL
control field DO-SdBNP
005 - DATE AND TIME OF LATEST TRANSACTION
control field 20240412120449.0
007 - CAMPOS FIJOS DE DESCRIPCIÓN FÍSICA
fixed length control field 000044149
008 - ELEMENTOS DE LONGITUD FIJA
fixed length control field 140602s2012 dr a 000 0 spa d
020 ## - ISBN
International Standard Book Number 9789945883152
040 ## - FUENTE DE CATALOGACIÓN
Agencia que crea de manera original el registro BPMSU
Idioma de catalogación spa
Agencia que realiza la transcripción BMSU
082 ## - NÚMERO DE CLASIFICACIÓN DECIMAL DE DEWEY
Classification number RD863.44
Item number A473d 2012
Edition number 22
100 1# - ASIENTO PRINCIPAL -- NOMBRE PERSONAL
Nombre personal Álvarez, Julia
245 10 - MENCIÓN DE TITULO
Título De cómo tía lola terminó empezando otra vez /
Mención de responsabilidad Julia Álvarez ; traducción Mercedes Guhi.
260 ## - PUBLICACIÓN, DISTRIBUCIÓN, ETC. (PIE DE IMPRENTA)
Lugar de publicación, distribución, etc Santo Domingo :
-- Alfaguara Juvenil,
Fecha de publicación, distribución, etc 2012.
300 ## - DESCRIPCIÓN FÍSICA
Extensión 182 p. :
Otros detalles físicos il., retrs. ;
Dimensiones 22 cm.
490 0# - MENCIÓN DE SERIES
Mención de serie Alfaguara Juvenil
590 ## - NOTA LOCAL
Texto de la nota local Inventariaodo, 2024/VM
650 #4 - ENCABEZAMIENTO DE MATERIA--TEMÁTICO
Término temático o nombre geográfico como elemento de entrada Cuentos juveniles dominicanos
650 #4 - ENCABEZAMIENTO DE MATERIA--TEMÁTICO
Término temático o nombre geográfico como elemento de entrada Literatura juveniles dominicana
700 12 - ASIENTO SECUNDARIO -- NOMBRE PERSONAL
Nombre personal Guhi, Mercedes
Mención de responsabilidad tr.
910 ## - VALIDACIÓN
Validación VMateo V. Control de calidad. BPMSU
942 ## - ADDED ENTRY ELEMENTS (KOHA)
Source of classification or shelving scheme Dewey Decimal Classification
Koha item type Libros
Existencias
Withdrawn status Lost status Source of classification or shelving scheme Damaged status Not for loan Collection code Home library Current library Date acquired Total Checkouts Full call number Barcode Date last seen Price effective from Koha item type
    Dewey Decimal Classification     Colección Juvenil Dominicana Biblioteca Pública Metropolitana Salomé Ureña Biblioteca Pública Metropolitana Salomé Ureña 04/21/2015   BPMSU CJD RD863.44 A473d 2012 BPMSU15040367 04/21/2015 04/21/2015 Libros